| 000 | 01179nam a22002297a 4500 | ||
|---|---|---|---|
| 003 | BUBTL | ||
| 008 | 240807b ||||| |||| 00| 0 eng d | ||
| 041 |
_aBengali _hEnglish |
||
| 082 | _a349.5492/ As426l/ 2006 | ||
| 100 |
_95875 _aআসিফ, মোঃ মেজবাহুল ইসলাম |
||
| 245 |
_aআইনের ইতিহাস ও বাংলাদেশর আইন ব্যবস্থা/ _bমোঃ মেজবাহুল ইসলাম আসিফ, খন্দকার আল্ মাহবুব বিল্লাহ |
||
| 250 | _a2nd ed. | ||
| 260 |
_aঢাকা : _bজলি ল’ বুক সেন্টার _cc2006 |
||
| 300 |
_a143 p. : _bill. ; 21 cm. |
||
| 505 | _aআইনের ইতিহাস ও বাংলাদেশর আইন ব্যবস্থা, মোঃ মেজবাহুল ইসলাম আসিফ, Legal History & Legal System of Bangladesh | ||
| 526 | _aLaw | ||
| 650 | 0 |
_92102 _aLaw |
|
| 700 |
_95876 _a বিল্লাহ, খন্দকার আল্ মাহবুব |
||
| 856 |
_k0 _l0 _yDownload |
||
| 942 |
_2ddc _cBK |
||
| 999 |
_c7343 _d7343 |
||